|
|
|
|
| LEADER |
00000nam0a2200000 4500 |
| 001 |
280142 |
| 005 |
20231101235258.0 |
| 020 |
|
|
|a RU
|b 86-68230
|
| 035 |
|
|
|a (RuTPU)RU\TPU\book\303451
|
| 090 |
|
|
|a 280142
|
| 100 |
|
|
|a 20141225d1986 m y0rusy5003 ca
|
| 101 |
1 |
|
|a rus
|c eng
|
| 102 |
|
|
|a RU
|
| 105 |
|
|
|a a z 000zy
|
| 200 |
1 |
|
|a Долгожители
|e пер. с англ.
|f П. Гарб
|
| 210 |
|
|
|a Москва
|c Прогресс
|d 1986
|
| 215 |
|
|
|a 184 с.
|c ил.
|
| 225 |
1 |
|
|a Свидетельства об СССР
|
| 225 |
1 |
|
|a Зарубежные авторы о Советском Союзе
|
| 606 |
1 |
|
|a Абхазы
|x Этнология
|2 stltpush
|3 (RuTPU)RU\TPU\subj\69794
|9 84484
|
| 606 |
1 |
|
|a Долголетие
|2 stltpush
|3 (RuTPU)RU\TPU\subj\9875
|9 37033
|
| 610 |
1 |
|
|a история
|
| 610 |
1 |
|
|a культура
|
| 610 |
1 |
|
|a образ жизни
|
| 610 |
1 |
|
|a воспитание
|
| 610 |
1 |
|
|a обычаи
|
| 610 |
1 |
|
|a традиции
|
| 675 |
|
|
|a 612.6
|v 4
|
| 686 |
|
|
|a Т52(5)
|v LBC/SL-A
|2 rubbk
|
| 700 |
|
1 |
|a Гарб
|b П.
|g Пола
|
| 801 |
|
0 |
|a RU
|b RuMRKP
|c 19950704
|g psbo
|
| 801 |
|
1 |
|a RU
|b 63413507
|c 20141225
|
| 801 |
|
2 |
|a RU
|b 63413507
|c 20170426
|g RCR
|
| 942 |
|
|
|c BK
|